Saint-Marin pour les touristes... - Statistiques

Statistiques générales
  • Ce quiz a été pris 9 fois
  • Le résultat moyen est 10 sur 20
Statistiques - réponses
Question Indice Réponses % Correct
Quelles autres langues sont répandues ? A Allemand
100%
Quelles autres langues sont répandues ? F Français
100%
Quelle est la langue officielle ? Italien
100%
Quelles autres langues sont répandues ? A Anglais
86%
Le taux d'alcoolémie toléré au volant est de {0.5} g/l
71%
La religion majoritaire est Catholicisme
71%
La conduite se fait à droite ou à gauche ? Droite
71%
Quelle est la monnaie ? Euro
71%
Dans la capitale y-a-t-il un décalage horaire avec Paris ? (oui/non) Non
71%
Le suffixe internet est sm
43%
Achats à faire 1/ Pour les philatélistes Timbres
43%
La vitesse est limitée hors agglomérations à {70} km/h
29%
Quels sites peut-on visiter ? S Basilique {Saint-Marin}
29%
Quels sites peut-on visiter ? T Mont {Titan}
29%
Quels sites peut-on visiter ? L Place de la {Liberté}
29%
Quels sites peut-on visiter ? R Tours de la {République}
29%
Quels sites peut-on visiter ? S Chemin des {Sorcières}
0%
Quels sites peut-on visiter ? S Couvent {Saint-François}
0%
Achats à faire 3/ Bijoux de la marque... Gioielli
0%
Achats à faire 2/ Gâteau Tre Monti
0%
Aucun quiz correspondant
Distribution des résultats
% des personnes avec chaque résultat
Percentile par nombre de réponses
Votre historique - résultats
Vous n’avez pas pris ce quiz